Представление документа в формате RUSMARC

ПолеНазваниеЗначение
  Тип записи a
  Библиографический уровень c
001 Контрольный номер RU/SLIB/B/208712937
005 Дата корректировки 20201206203917.2
010 Индекс ISBN __
d Цена 12-00
101 Язык документа __
a Язык текста rus
c Язык оригинала rus
200 Заглавие и сведения об ответственности 0_
a Заглавие Путь к высоким скоростям бурения: из опыта работы буровых и вышкомонтажных бригад Тюменской области
f Первые сведения об ответственности М. М. Шаляпин
b Общее обозначение материала Текст
210 Выходные данные __
a Место издания Свердловск
c Издательство Сред.-Урал. кн. изд-во
d Дата издания 1971
215 Физическое описание __
a Объем 36 с.
327 Примечание о содержании __
a Примечание о содержании Передовики разведочного бурения
327 Примечание о содержании __
a Примечание о содержании Первые в стране
327 Примечание о содержании __
a Примечание о содержании Буровики Среднего Приобья
327 Примечание о содержании __
a Примечание о содержании Покорители Самотлора
330 Аннотация __
a Аннотация В брошюре, предлагаемой читателям, рассказывается о формах и методах организации труда лучших буровых коллективов Тюменщины, добившихся выдающихся скоростей на проходке нефтяных скважин. Брошюра рассчитана на работников нефтяной промышленности и геологоразведочных организаций.
606 Тематические рубрики __
a Основная рубрика Экономика
a Основная рубрика Экономика топливной промышленности
y Географическая подрубрика Россия; Тюменская область
610 Ключевые слова __
a Ключевые слова бурение скважин; скважины; нефть; месторождения нефти; освоение месторождений; разработка скважин; геологоразведка; очерки; публицистика
686 Индексы других классификаций __
a Классификационный индекс К65.305.143(2Рос-4Тюм)
700 Автор _1
a Фамилия Шаляпин
b Имя М. М.
4 Код отношения 070
801 Источник записи _0
a Страна RU
b Организация Муниципальное бюджетное учреждение культуры "Централизованная библиотечная система" г. Сургут (Центральная городская библиотека им. А. С. Пушкина)
g Правила каталогизации КиК/Варварина
801 Источник записи _1
a Страна RU
b Организация Муниципальное бюджетное учреждение культуры "Централизованная библиотечная система" г. Сургут (Центральная городская библиотека им. А. С. Пушкина)
g Правила каталогизации КиК/Варварина
852 Данные о местонахождении __
j Шифр хранения К65.305.143(2Рос-4Тюм)
c Каталожный индекс К65.304.13(2Рос-4Тюм)
i Авторский знак Ш 18
p Инвентарный номер Б/Н
901 Тип документа __
t Тип документа x
903 Характеристики (МАРС) __
a Дата передачи 20010606
969 Тип издания __
a Тип издания сборник
990 Данные о заказе (DOS) __
h N записи в КСУ для Б/У (DOS) 200105
j Количество экземпляров (DOS) 1